| 000 | 00500cam a2200205ua 4500 | ||
|---|---|---|---|
| 001 | 6483 | ||
| 008 | 140703n ii |||gr||||Z||||||eng | ||
| 020 | _a81-272-0376-9 | ||
| 040 | _cMAIN | ||
| 082 | _a657 | ||
| 245 |
_aCompany accounts _cBy S.P. Jain |
||
| 250 | _a1st ed/ rep. | ||
| 260 |
_aLudhiana: _bKalyani publishers, _c2002. |
||
| 300 | _ax,521p. | ||
| 653 | _aAccounting | ||
| 653 | _aCompany accounts | ||
| 700 |
_aJain,S.P., _eAuthor., |
||
| 700 |
_aNarang,K.L., _eAuthor. |
||
| 942 | _cBK | ||
| 999 |
_c5632 _d5632 |
||